Использование современных информационных технологий при формировании межкультурной компетенции студентов-лингвистов-переводчиков; Филологические науки. Вопросы теории и практики; № 3 (14)
| Parent link: | Филологические науки. Вопросы теории и практики.— , 2008- № 3 (14).— 2012.— [С. 95-98] |
|---|---|
| Hlavní autor: | |
| Korporativní autor: | |
| Shrnutí: | Заглавие с экрана Статья раскрывает важность применения современных информационных технологий при формировании межкультурной компетенции студентов-лингвистов-переводчиков. Рассматривается веб-квест как эффективное средство формирования межкультурной компетенции, которое предлагает обучающимся широкий спектр актуальной информации, позволяет восполнить отсутствие иноязычной среды, используется для создания ситуации реального аутентичного иноязычного общения. The author reveals the importance of modern information technologies use while forming students-linguists-interpreters' intercultural competence, and considers web-quest as the effective means of intercultural competence formation, which offers students the wide range of topical information, allows compensating foreign environment absence and is used for the creation of the situation of real authentic foreign communication. Режим доступа: по договору с организацией-держателем ресурса |
| Jazyk: | ruština |
| Vydáno: |
2012
|
| Edice: | Педагогические науки |
| Témata: | |
| On-line přístup: | http://elibrary.ru/item.asp?id=17724163 http://www.gramota.net/materials/2/2012/3/30.html |
| Médium: | MixedMaterials Elektronický zdroj Kapitola |
| KOHA link: | https://koha.lib.tpu.ru/cgi-bin/koha/opac-detail.pl?biblionumber=642270 |
MARC
| LEADER | 00000nla0a2200000 4500 | ||
|---|---|---|---|
| 001 | 642270 | ||
| 005 | 20250603150201.0 | ||
| 035 | |a (RuTPU)RU\TPU\network\7209 | ||
| 090 | |a 642270 | ||
| 100 | |a 20150618d2012 k||y0rusy50 ca | ||
| 101 | 0 | |a rus | |
| 102 | |a RU | ||
| 135 | |a drcn ---uucaa | ||
| 181 | 0 | |a i | |
| 182 | 0 | |a b | |
| 200 | 1 | |a Использование современных информационных технологий при формировании межкультурной компетенции студентов-лингвистов-переводчиков |d Modern information technologies use while forming students-linguists-interpreters' intercultural competence |f О. В. Халтурина | |
| 203 | |a Текст |c электронный | ||
| 225 | 1 | |a Педагогические науки | |
| 300 | |a Заглавие с экрана | ||
| 320 | |a [Библиогр.: с. 98 (5 назв.)] | ||
| 330 | |a Статья раскрывает важность применения современных информационных технологий при формировании межкультурной компетенции студентов-лингвистов-переводчиков. Рассматривается веб-квест как эффективное средство формирования межкультурной компетенции, которое предлагает обучающимся широкий спектр актуальной информации, позволяет восполнить отсутствие иноязычной среды, используется для создания ситуации реального аутентичного иноязычного общения. | ||
| 330 | |a The author reveals the importance of modern information technologies use while forming students-linguists-interpreters' intercultural competence, and considers web-quest as the effective means of intercultural competence formation, which offers students the wide range of topical information, allows compensating foreign environment absence and is used for the creation of the situation of real authentic foreign communication. | ||
| 333 | |a Режим доступа: по договору с организацией-держателем ресурса | ||
| 461 | |t Филологические науки. Вопросы теории и практики |d 2008- | ||
| 463 | |t № 3 (14) |v [С. 95-98] |d 2012 | ||
| 510 | 1 | |a Modern information technologies use while forming students-linguists-interpreters' intercultural competence |z eng | |
| 610 | 1 | |a труды учёных ТПУ | |
| 610 | 1 | |a электронный ресурс | |
| 610 | 1 | |a межкультурная компетенция | |
| 610 | 1 | |a студенты | |
| 610 | 1 | |a лингвисты | |
| 610 | 1 | |a переводчики | |
| 610 | 1 | |a культура | |
| 610 | 1 | |a веб-квесты | |
| 610 | 1 | |a информационные технологии | |
| 700 | 1 | |a Халтурина |b О. В. |c лингвист |c стариший преподаватель Томского политехнического университета |f 1983- |g Ольга Владимировна |3 (RuTPU)RU\TPU\pers\29354 | |
| 712 | 0 | 2 | |a Национальный исследовательский Томский политехнический университет |c (2009- ) |9 26305 |
| 801 | 1 | |a RU |b 63413507 |c 20120619 | |
| 801 | 2 | |a RU |b 63413507 |c 20160229 |g RCR | |
| 850 | |a 63413507 | ||
| 856 | 4 | 0 | |u http://elibrary.ru/item.asp?id=17724163 |
| 856 | 4 | 0 | |u http://www.gramota.net/materials/2/2012/3/30.html |
| 942 | |c CF | ||